000 00641nam a2200241Ia 4500
003 OSt
005 20220918185943.0
006 a|||||r|||| 00| 0
007 ta
008 220917b |||||||| |||| 00| 0 eng d
024 _a53,802
037 _cTextual
040 _aARTS
_cARTS
_beng
041 _2eng
_aeng
082 _aP113:15, K7
100 _aHopkins E A
_970825
245 0 _aAccusative object as a verbal complement in German
260 _aAnn arbor
_bUniv Micro
_c1967
300 _axxxi, 223p.
_ccm.
650 _aLINGUISTICS
942 _hP113:15, K7
_cTEXL
_2CC
999 _c182815
_d182815